Hidden Pop Groups - Statistics

General Stats
  • This quiz has been taken 23 times
  • The average score is 12 of 15
Answer Stats
Hint Answer % Correct
I think Vera surely can't do that can she? Erasure
100%
Can the ogre end a year of problems? Green Day
100%
Don't worry I will be at Lesleys at midnight Beatles
91%
Is Hi-Fi versatile enough for you? Five
91%
I wonder if Derek is saving enough money for the holiday? Kiss
91%
We welcome tall I cannot discriminate against short Metallica
91%
Don't leave waste P.S. pick it up and take it away Steps
91%
One sane word erases bad feeling New Order
82%
There is a risque Englishman I think Queen
82%
Can you grab bananas for me please Abba
73%
This is my favourite dish a la Martinique Shalamar
73%
David's lad escaped from Alacatraz prison Slade
73%
I think the leaving litter ban doesn't discriminate Glitter Band
64%
I gave a gift to a sister it cheered her up Oasis
64%
Maybe if I reach I can grab it for you Chic
45%
No matching quizzes found
Score Distribution
Percent of People with Each Score
Percentile by Number Answered
Your Score History
You have not taken this quiz